Datum a čas kvízu
37.5
Celkem bodů
Celkový počet nahraných bodů na tomto kvízu bez doplňovacích otázek.
4.
Pořadí na kvízu
Konečné umístění týmu na tomto kvízu.
Zaznamenané odpovědi
| # | Otázka | Odpověď | Body | Výsledky |
|---|---|---|---|---|
| 1. | V úterý jsme si připomněli Den... | Ve Staré Boleslavi. | 1 | |
| 2. | V jedné evropské metropoli se... | O Římě. | 1 | |
| 3. | V úterý měl v Londýně světovou... | Není čas zemřít (No Time to Die) | 1 | |
| 4. | Brno opět překvapilo zbytek re... | Stojí pod mostem. | 1 | |
| 5. | Fotbalový klub z Teplic po sér... | Jiří Jarošík | 0 | |
| 6. | Pojďme se podívat na leváky, k... | B | 0 | |
| 7. | V roce 1956 se v Praze narodil... | Yonex | 1 | |
| 8. | Obyvatelé arktických oblastí U... | Inuité | 1 | |
| 9. | Leváka Boba, který se snaží op... | Jaromír Meduna | 0 | |
| 10. | Levákem byl i slavný vojevůdce... | Na Korsice. | 1 |